| 000 | 01332cam a22001934a 4500 | ||
|---|---|---|---|
| 005 | 20250605163233.0 | ||
| 008 | 250528s ||||||||||||||||||||||||d | ||
| 035 | _a15067 | ||
| 040 |
_aGR-AtMCL _bgre _dGR-AtMCL _eAACR2 |
||
| 245 | 1 |
_aΛογιστική Εμπορικών Εταιριών και Βιομηχανική. _nΤόμος Β': Έκδοση Δ' |
|
| 250 | _a4η | ||
| 260 |
_bInterbooks, _c1986 |
||
| 300 | _a360 | ||
| 520 | _aΟμόρρυθμη Εταιρία - Ετερόρυθμη Εταιρία - Συμμετοχική Εταιρία - Ανώνυμη Εταιρία - Εταιρία Περιορισμένης Ευθύνης - Συνεταιρισμοί - Βιομηχανική Λογιστική. Λογιστική Εμπορικών Εταιριών, Εισαγωγή στις Εμπορικές Εταιρίες, Ομόρρυθμες Εταιρίες, Ετερόρρυθμες Εταιρίες, Συμμετοχικες Εταιρίες, Ανώνυμες Εταιρίες, Εταιρίες Περιορισμένης Ευθύνης, Συνεταιρισμοί, Βιομηχανική Λογιστική, Κόστος και Κοστολόγηση, Λογιστική Κοστολόγησης. | ||
| 700 | 1 | _aΣφακιανός Γρηγόριος Κ | |
| 942 | _cBK | ||
| 999 |
_c666 _d666 |
||